Quizzes
Events
Quiz Creation
Community
Videos
Private Events
Remove Ads
Sign In
Join for FREE
Feedback
Dark Mode
Quiz Categories
Sports
Geography
Music
Movies
Television
Just For Fun
Miscellaneous
History
Literature
Language
Science
Gaming
Entertainment
Religion
Holiday
For Kids
Quiz Lab
Recent
Popular Today
Quiz Kudos Today
Editor Picks
Curator Picks
Quizzes by...
Day
Popularity
Type
Ratings
Length
Year
Community
Subscriptions
Recent Discussions
Orange Saloon
Badges
Playlists
Quests
Create
Leaderboards
Showdown
Live 5
Trivia Bingo
Activity
Puzzle Library
Sporcle Events
Private Events
Virtual Trivia
Globe League
Become a Host
Pub Owners
SporcleCon
Opinionation
Our Games
Videos
Blog
Mobile Apps
Partnerships
Remove Ads and Go Orange
Feedback
Television
TV Characters
TV Show
Sitcom
Network
Friends
Reality Shows
Cast
South Park
Star Trek
The Simpsons
Doctor Who
Television
TV Characters
TV Show
Sitcom
Network
Friends
Reality Shows
Cast
South Park
Star Trek
The Simpsons
Doctor Who
Random Quiz
Search Sporcle
×
Quiz Lab
Quiz Lab
Television
Clickable
Select answers by clicking on text or image buttons
Select answers by clicking on text or image buttons
Clickable
Best Score? Go Orange.
The Vampire Diaries Follow that Line season 4 Stats
Can you pick the The Vampire Diaries Follow that Line season 4?
By
samanthaljones20
20m
37 Questions
839 Plays
839 Plays
839 Plays
Comments
Comments
Give Quiz Kudos
Give Quiz Kudos
-
- Ratings
hide this ad
Forced Order
Answers have to be entered in order
Answers have to be entered in order
Random Order
Randomize order of answers
Randomize order of answers
Replay
Link that replays current quiz
Next Quiz
Link to next quiz in quiz playlist
You Got
0%
They Got
Avg Score
70%
Avg Friend Score
Upgrade to see
Score Distribution
Jump to the score distribution portion of the page
Score
0/37
Timer
20:00
0
Plays Today
% Correct
Am I wearing my 'I blew up the counsel' t-shirt? Why does everyone keep asking me that?
84.8%
I was a psychotic killer with no emotions in the 1920s.
84.2%
I intend to be your last, however long it takes.
83.9%
Your mouth was all over me. I was an innocent victim.
83.2%
Ok. It's a kitten. It's an adorable, exploding kitten.
82.6%
How about a quarter to never.
82.6%
Sure. Plenty of times. I always had a thing for sorority girls.
82.5%
He's on a plane. Which means I get to live for another six hours.
80.5%
The worst feeling is the moment that you realize...you've lost yourself.
80.5%
That or a mini fridge.
80.1%
do the thing you're most afraid of.
79.6%
and I'd like to graduate high school as a human.
78%
the only thing you have left is a hole in your life where that somebody that you cared about used to be
77.9%
If you're going to be bad, be bad with purpose. Otherwise you're just not worth forgiving.
76.6%
You've made all the wrong choices, and of all the choices that I have made, this will prove to be the worst one, but I am not sorry that I'm in love with you!
76%
tell your brother and every teenage sycophant in town
76%
. I picked you. Because I love you. No matter what happens, it's the best choice I ever made. I'm so sad I can't see you right now.
74.8%
So every morning you get out of bed, you sure as hell better earn it.
73.6%
Nobody's gonna blow it up.
73.5%
% Correct
He's underage, and I don't like you, so let's cut to it.
72.7%
She slept with Damon.
72.6%
I'll always love her. But she's not supposed to be this person. I don't want her to be.
72.4%
I'm just stuck here fighting with my brother and taking care of the kids. You owe me big.
72.1%
It's Mystic Falls. It's actually the least ridiculous thing I've heard.
71%
Poison your best friend once, and the suspicion follows you forever.
69.2%
But if that's not how she feels, then maybe that's exactly what I need to hear to get my ass out the door.
64.8%
and no one thought to bring s'mores.
64.7%
but does Matt even have automobile insurance?
64%
And I wanted that for you, Elena. And I would have gladly given it to you and let Matt die. Because I am that selfish
63.2%
This is who I am now. The old Elena died when she went off that bridge. Let her go
60%
And how are we supposed to do that when the knuckleheads we care about can't seem to keep their lives straight?
56.7%
I was ready to die. I was supposed to die. I don't-- I don't want-- I can't be a vampire
53.5%
I made a choice that I will regret for the rest of my life. Now let me try to fix it.
51.9%
Contrary to popular belief, there are actually multiple ones, especially for a vampire.
51.1%
I'm setting you free Elena. This is what I want. This is what will make me happy
50.2%
My day just got a whole lot better.
48.8%
Why do you look so surprised? I'm missing something. What is it?
36.6%
Quiz Playlist
Details
Report
Send in Message
Add To Playlist
Clickable:
Select answers by clicking on text or image buttons
Forced Order:
Answers have to be entered in order
Random Order:
Randomize order of answers
Last Updated: May 17, 2020
Quiz Scoreboard
CHALLENGE
Sign Up to Join the Scoreboard
Show All
Scores
Hide
Comments
May contain spoilers
Recently Published
1-10 Letter E Words III
by El_Dandy
Language
2m
One Thing in Common: World Cities II
by knightlancer
Geography
7m
Popular People in 1961
by mucciniale
History
6m
More to Explore
Quiz From the Vault
Featured Blog Post
Where Did the Easter Bunny Come From?
hide this ad
You Might Also Like...
Tags
Clickable Quiz
Diary
Follow
season
Vampire
Today's Top Quizzes in Television
Browse Television
hide this ad
Today's Top Quizzes in Clickable
Browse Clickable
Top Contributed Quizzes in Television
1
One Piece Logic Puzzle
2
Survivor Logic Puzzle: Heroes vs. Villains
3
Survivor Seasons
4
Survivor Season by Logo
5
Survivor Trivia
6
Survivor Logic Puzzle: Winners at War
7
Ultimate Survivor Logic Puzzle
8
Phoebe Buffay Quotes
9
Emmerdale Characters (from August 2012)
10
One Thing in Common: Television
Explore More
Trending Topics
NBA
Harry Potter
Marvel
Kpop
Anime
Crossword
Disney
Country
Soccer
NFL
WWE
Pokémon
The Office
Puzzle
Song
hide this ad
More By:
samanthaljones20
Quiz
Plays
Rating
Category
Featured
Created
Greys Anatomy Finish the Line Season 1
2,390
5.00
Television
Apr 3, 2020
Vampire Diaries Follow that line season 1
1,023
Television
May 17, 2020
Greys Anatomy Finish the line season 8
932
5.00
Television
Apr 3, 2020
Vampire Diaries Follow that line season 3
916
Television
May 17, 2020
The Vampire Diaries Follow that Line season 4
839
Television
May 17, 2020
Go to Creator's Profile
Score Distribution
Quiz Creator Spotlight
samanthaljones20
Follow
Send a Message
Quizzes Created
-
Created Quiz Play Count
-
More By This Creator
Popular Quizzes Today
1
Find the US States - No Outlines Minefield
2
Find the Countries of Europe - No Outlines Minefield
3
The Countries of the World
4
Popular People in 1961
5
1-10 Letter E Words III
6
Find the US States
7
One Thing in Common: World Cities II
8
US States
More Television Quizzes
Click the Cartoon Redhead
Curator's Pick
Trending Quizzes
Risky Map Clicking: Least Populous States A-Z
1-10 Letter F Words
1-10 Letter G Words
One Thing in Common: United Kingdom
Risky Map Clicking: Biggest States A-Z
Recently Updated
Leaping Animals
pecheneg
Reality TV Shows (A-Z)
bhenderson79
Rickey Henderson's Hall of Fame Teammates
pecheneg
Champions League XIs: Arsenal
pecheneg
Quick Pick: Celebrities in WWE's Hall of Fame
aduchscher
A-Z Keypad Blitz II
pecheneg
Multiple Oscar Actors
pecheneg
Mystery Phrase Blitz: Oscar 'Best Actors'
pecheneg
F. Scott Fitzgerald Novels
LTH
Pick 3 Villains
ddd62291
Trending Topics
Kpop
Crossword
NBA
Harry Potter
Marvel
Disney
Anime
Puzzle
The Office
Country
Song
NFL
WWE
Pokémon
Soccer
Your Account Isn't Verified!
In order to create a playlist on Sporcle, you need to verify the email address you used during registration. Go to your
Sporcle Settings
to finish the process.
Report this User
Report this user for behavior that violates our
Community Guidelines
.
Details:
Send Report
Go to the Sporcle.com Mobile Site →
Comments